Hazardous waste risk assessment (Record no. 202353)

MARC details
000 -LEADER
fixed length control field 00622nam a2200205Ia 4500
008 - FIXED-LENGTH DATA ELEMENTS--GENERAL INFORMATION
fixed length control field 191130s1993##################000#0#eng##
020 ## - INTERNATIONAL STANDARD BOOK NUMBER
ISBN 873715705
082 ## - DEWEY DECIMAL CLASSIFICATION NUMBER
Classification number 363.7287 ASA
100 ## - MAIN ENTRY--AUTHOR NAME
Personal name Kofi Asante-Duah, D
245 ## - TITLE STATEMENT
Title Hazardous waste risk assessment
Statement of responsibility, etc D. Kofi Asante-Duah
260 ## - PUBLICATION, DISTRIBUTION, ETC. (IMPRINT)
Place of publication Boca Raton, FL
Name of publisher Lewis Publishers
Year of publication c1993
300 ## - PHYSICAL DESCRIPTION
Number of Pages 384 p. : ill. ; 25 cm
500 ## - GENERAL NOTE
General note Includes bibliographical references and index
650 ## - SUBJECT ADDED ENTRY--TOPICAL TERM
Topical Term Hazardous wastes - Risk assessment
991 ## -
-- 350252
Holdings
Withdrawn status Lost status Damaged status Not for loan Home library Current library Date acquired Full call number Accession Number Price effective from Koha item type
        Anna Centenary Library Anna Centenary Library 13.10.2020 363.7287 ASA 144713 13.10.2020 English Books

Find us on the map